Annual report: (Record no. 66156)

MARC details
000 -LEADER
fixed length control field 00345nam a2200097 4500
008 - FIXED-LENGTH DATA ELEMENTS--GENERAL INFORMATION
fixed length control field 240903b |||||||| |||| 00| 0 eng d
040 ## - CATALOGING SOURCE
Original cataloging agency National Science Library
Transcribing agency National Science Library
245 ## - TITLE STATEMENT
Title Annual report:
Remainder of title Scientific reports of the Indian agricultural research institute
260 ## - PUBLICATION, DISTRIBUTION, ETC.
Place of publication, distribution, etc. U.P.:
Name of publisher, distributor, etc. University of Roorkee
942 ## - ADDED ENTRY ELEMENTS (KOHA)
Koha item type Reports
Source of classification or shelving scheme Universal Decimal Classification
Holdings
Withdrawn status Lost status Materials specified (bound volume or other part) Damaged status Not for loan Home library Current library Shelving location Date acquired Total Checkouts Barcode Date last seen Price effective from Koha item type
    1962-65     National Science Library National Science Library FF/Rk-23/C-13/R-3 13/05/1974   51449 03/09/2024 13/05/1974 Reports